Les 50 - Statistiques

Statistiques générales
  • Ce quiz a été pris 39 fois
  • Le résultat moyen est 24 sur 50
Statistiques - réponses
Hint Réponse % Correct
1 julien
88%
10 jessy
82%
2 kamila
82%
7 noré
82%
16 amelie
76%
11 melanie dedigama
76%
20 greg
73%
21 victoria
67%
19 vivian
67%
8 adixia
64%
14 charlotte
64%
27 nicolo
64%
5 simon
64%
13 melanight
61%
6 adrien
58%
12 aurelie
58%
36 christophe
58%
43 beverly
55%
24 liam
55%
22 marine
55%
15 oceane
55%
4 christopher
52%
9 cynthia
52%
40 milla
52%
41 nadege
45%
23 ambre
42%
39 ines
42%
50 Julia
42%
30 alan
39%
31 anthony
39%
17 marwa
39%
32 maxime
39%
37 tristan
36%
42 cedric
33%
35 clarysse
33%
29 fany
33%
44 geoffrey
33%
33 neverly
33%
48 noah
33%
45 andy
30%
38 jean
30%
26 kayla
30%
18 melissa
30%
46 virginie
30%
47 chani
27%
49 ileana
27%
34 molie
27%
28 valeria
27%
25 melanie orlenko
18%
3 meva
6%
Aucun quiz correspondant
Distribution des résultats
% des personnes avec chaque résultat
Percentile par nombre de réponses
Votre historique - résultats
Vous n’avez pas pris ce quiz